Statistiken für Raf Camora Random Songs

Klicken Sie hier um das Quiz zu spielen!

Allgemein

  • Dieses Quiz wurde 31 mal gespielt
  • Das Durchschnittsergebnis liegt bei 5 aus 15

Antwortstatistiken

künstlerAntwort% Korrekt
raf, maxwell, bonezohne mein team
82%
raf, lucianoall night
64%
raf, bonez, gzuz, maxwellkontrollieren
61%
raf, ahmad aminvergesse nie die street
50%
raf, ahmad aminstrada
46%
rafprimo
29%
rafzukunft
29%
rafadriana
18%
rafandere liga
18%
raf, ufoparadies
18%
raf, ufotageslicht
18%
rafanna
14%
rafvendetta
14%
rafanthrazit
11%
raf, bonezruhe nach dem sturm
4%

Verteilung der Resultate

Perzentil nach korrekt beantworteten Fragen

Anzahl Personen mit jedem Resultat

Ihre Resultats-Entwicklung

Sie haben dieses Quiz noch nicht gespielt